000 00687nam a2200217 a 4500
001 000022319
005 20200930011702.0
008 100927s1972 sp ac 000 0 spa d
040 _aDO-SdBNP
_bspa
_cBNPHU
082 _axxx
_bB421m
100 1 _aBehrens, Charles F.
_946076
245 1 0 _aMedicina nuclear /
_cCharles F. Behrens, E. Richard King, James W. J. Carpender.
260 _aBarcelona :
_bSalvat,
_c1972.
300 _a818 p. :
_bil., retr. ;
_c26 cm.
500 _aIncluye índice alfabético
500 _aIncluye notas al pie de las páginas
504 _aBibliografía
700 1 _aRichard King, E.
_946077
700 1 _aCarpender, James W. J.
_946078
049 _aBNPD
999 _c21817
_d21817